Escadrons de l'Armée de l'Air & de l'Espace - Statistiques

Statistiques générales
  • Ce quiz a été pris 59 fois
  • Le résultat moyen est 7 sur 15
Statistiques - réponses
Hint Réponse % Correct
EC 3/3 Ardennes
70%
EC 1/2 Cigognes
65%
EC 2/4 La Fayette
65%
EC 2/5 Île-de-France
60%
ET 4/61 Béarn
55%
EC 1/4 Gascogne
55%
EC 3/4 Aquitaine
50%
EC 2/3 Champagne
50%
EC 1/3 Navarre
50%
ET 1/61 Touraine
45%
EC 1/5 Vendée
45%
ERVTS 1/31 Bretagne
40%
EIV 3/13 Auvergne
5%
EC 3/5 Comtat Venaissin
5%
ERV 4/31 Sologne
5%
Aucun quiz correspondant
Distribution des résultats
% des personnes avec chaque résultat
Percentile par nombre de réponses
Votre historique - résultats
Vous n’avez pas pris ce quiz